|
|
|
|
| LEADER |
00000nam a2200000 a 4500 |
| 001 |
vtls010649236 |
| 003 |
SK-MaSNL |
| 005 |
20260301175158.0 |
| 008 |
240314s2014 xo f n 000 0 slo |
| 015 |
|
|
|a SNBA2015/02
|
| 020 |
|
|
|a 9788089412471
|q (brož.)
|
| 035 |
|
|
|a 0C2E92EF-74CB-4CD2-836B-B9DF0C62D61E
|
| 035 |
|
|
|a urn:nbn:sk:snk-amjpw3
|
| 035 |
|
|
|a urn:nbn:sk:snk-am002b7c
|
| 040 |
|
|
|a SNK
|b slo
|c SNK
|e AACR2
|
| 041 |
0 |
|
|a slo
|
| 044 |
|
|
|a xo
|c SK
|
| 072 |
|
7 |
|a 27-4
|x Praktická teológia. Morálna teológia
|2 konspekt
|
| 080 |
|
|
|a 27-452
|2 2001
|
| 080 |
|
|
|a 27-74
|2 2001
|
| 080 |
|
|
|a (048.8)
|2 2001
|
| 100 |
1 |
|
|a Mitrová, Jana
|4 aut
|9 548695
|
| 245 |
1 |
0 |
|a Manželský súhlas ako úkon rozumu a vôle v práve latinskej cirkvi
|c Jana Mitrová
|
| 250 |
|
|
|a 1. vyd.
|
| 260 |
|
|
|a Michalovce
|b FINAL
|c 2014
|
| 300 |
|
|
|a 149 s.
|c 21 cm
|
| 500 |
|
|
|a Zoz. skrat.
|
| 504 |
|
|
|a Bibliogr. s. 143-149
|
| 650 |
0 |
7 |
|a kresťanské manželstvo
|2 SNKPH
|9 658
|
| 650 |
0 |
7 |
|a kánonické právo
|2 SNKPH
|9 2222
|
| 650 |
0 |
7 |
|a Christian marriage
|2 SNKPHeng
|9 303613
|
| 650 |
0 |
7 |
|a Canon law
|2 SNKPHeng
|9 276019
|
| 655 |
|
7 |
|a štúdie
|2 SNKPH
|9 57033
|
| 655 |
|
7 |
|a Studies
|2 SNKPHeng
|9 265573
|
| 919 |
|
|
|a 978-80-89412-47-1
|
| 958 |
|
|
|a TL
|
| 958 |
|
|
|a NB
|
| 958 |
|
|
|a NT
|
| 999 |
|
|
|c 841978
|d 843908
|
| 952 |
|
|
|a SNK
|b SNK
|y PREZ
|7 0
|p 17A1135841
|o snkSC 162668
|i snk2015/2156
|8 0
|0 0
|1 0
|4 0
|d 2015-01-23
|f 1
|l 0
|r 2025-08-26 00:00:00
|w 2026-02-24
|
| 952 |
|
|
|a SNK
|b SNK
|y VYP
|7 0
|p 17A1135840
|o snkSC 162668 D1
|i snk2015/2157
|8 0
|0 0
|1 0
|4 0
|d 2015-01-23
|l 0
|r 2026-02-24 04:14:53
|w 2026-02-24
|